[Event "ESP-chT CECLUB Div2"]
[Site "Linares"]
[Date "2018.08.14"]
[Round "1.1"]
[White "Hinojar Diez, David"]
[Black "Arizmendi Martinez, Julen Luis"]
[Result "0-1"]
[WhiteElo "2102"]
[BlackElo "2507"]
[PlyCount "48"]
[EventDate "2018.08.14"]
[EventType "team-swiss"]
[EventRounds "7"]
[EventCountry "ESP"]
[SourceTitle "CBM 186 Extra"]
[Source "ChessBase"]
[SourceDate "2018.08.24"]
[SourceVersion "1"]
[SourceVersionDate "2018.08.24"]
[SourceQuality "1"]
[WhiteTeam "Liberty Chess"]
[BlackTeam "Paterna Laboratorio SyS"]
[WhiteTeamCountry "ESP"]
[BlackTeamCountry "ESP"]

1. e4 e6 2. d4 d5 3. Nc3 Bb4 4. e5 b6 5. Bd2 Ne7 6. a3 Bxc3 7. Bxc3 0-0 8. Nf3 c5 9. Bd3 h6 10. Qd2 Ba6 11. h4 Bxd3 12. Qxd3 Nbc6 13. h5 Rc8 14. g4 cxd4 15. Bxd4 Nxd4 16. Nxd4 Nc6 17. Nxc6 Rxc6 18. f4 Rc4 19. Qd2 Re4+ 20. Kd1 f6 21. c3 fxe5 22. fxe5 Ref4 23. Re1 Qh4 24. Kc2 Rf2 0-1

[Event "Madrid-ch sf-B"]
[Site "Madrid"]
[Date "2015.03.27"]
[Round "8"]
[White "Perez de Aranda, Leonardo Ivan"]
[Black "Hinojar Diez, David"]
[Result "1/2-1/2"]
[WhiteElo "2094"]
[BlackElo "2164"]
[PlyCount "88"]
[EventDate "2015.03.05"]
[EventType "swiss"]
[EventRounds "9"]
[EventCountry "ESP"]
[SourceTitle "CBM 165 Extra"]
[Source "ChessBase"]
[SourceDate "2015.04.21"]
[SourceVersion "1"]
[SourceVersionDate "2015.04.21"]
[SourceQuality "1"]

1. e4 c5 2. d4 cxd4 3. c3 d3 4. Bxd3 d6 5. Nf3 Nf6 6. 0-0 g6 7. e5 dxe5 8. Nxe5 Nbd7 9. Qa4 Bg7 10. Rd1 a6 11. Bc4 0-0 12. Qb3 e6 13. Bf4 Qb6 14. Nxd7 Nxd7 15. Bd6 Re8 16. Na3 Qxb3 17. Bxb3 b5 18. Nc2 Bb7 19. a4 Nb6 20. axb5 axb5 21. Nd4 Nc4 22. Nxb5 Nxb2 23. Rf1 Red8 24. Bf4 Be4 25. Rxa8 Rxa8 26. c4 Bd3 27. Rc1 Be2 28. Be3 Nd3 29. Rb1 Nb2 30. Rc1 Rd8 31. h3 Rc8 32. Nd6 Rb8 33. Ba2 Ra8 34. Bb1 Bd3 35. c5 Bf8 36. Bxd3 Nxd3 37. Rc3 Ne5 38. Ne4 Rc8 39. Bd4 Bg7 40. Kf1 Rc6 41. Rb3 Nd7 42. Be3 f5 43. Rb7 fxe4 44. Rxd7 Bf8 1/2-1/2

[Event "Madrid-ch sf-B"]
[Site "Madrid"]
[Date "2015.03.13"]
[Round "4"]
[White "Hinojar Diez, David"]
[Black "Rodrigo Yanguas, Maria"]
[Result "1-0"]
[WhiteElo "2164"]
[BlackElo "2184"]
[PlyCount "75"]
[EventDate "2015.03.05"]
[EventType "swiss"]
[EventRounds "9"]
[EventCountry "ESP"]
[SourceTitle "CBM 165 Extra"]
[Source "ChessBase"]
[SourceDate "2015.04.21"]
[SourceVersion "1"]
[SourceVersionDate "2015.04.21"]
[SourceQuality "1"]

1. d4 e6 2. c4 b6 3. Nf3 Bb7 4. g3 Nf6 5. Bg2 c5 6. 0-0 cxd4 7. Nxd4 Bxg2 8. Kxg2 Be7 9. Nc3 0-0 10. e4 d6 11. b3 a6 12. Bb2 Qc7 13. Qe2 Nbd7 14. Rad1 Qb7 15. f3 Rfc8 16. Rd2 Rc7 17. Rfd1 Rac8 18. Qe3 Rc5 19. Nde2 b5 20. cxb5 axb5 21. a4 bxa4 22. Nxa4 R5c7 23. Ba3 Ne8 24. Nd4 Ndf6 25. Qe2 d5 26. Bxe7 Rxe7 27. e5 Nd7 28. f4 Nc5 29. Rc2 Ne4 30. Rdc1 Rec7 31. Rxc7 Rxc7 32. Rxc7 Nxc7 33. Qc2 h5 34. Nc5 Qb4 35. Nxe4 Qxd4 36. Ng5 Ne8 37. Qc8 Kf8 38. Qd7 1-0

[Event "Madrid-ch sf-B"]
[Site "Madrid"]
[Date "2015.03.06"]
[Round "2"]
[White "Hinojar Diez, David"]
[Black "Martin Hernandez, Vicente"]
[Result "0-1"]
[WhiteElo "2164"]
[BlackElo "1935"]
[PlyCount "90"]
[EventDate "2015.03.05"]
[EventType "swiss"]
[EventRounds "9"]
[EventCountry "ESP"]
[SourceTitle "CBM 165 Extra"]
[Source "ChessBase"]
[SourceDate "2015.04.21"]
[SourceVersion "1"]
[SourceVersionDate "2015.04.21"]
[SourceQuality "1"]

1. d4 d5 2. c4 e6 3. Nf3 Nf6 4. Bg5 Be7 5. e3 Nbd7 6. Nc3 h6 7. Bh4 0-0 8. Bd3 c6 9. h3 dxc4 10. Bxc4 Nd5 11. Bxe7 Qxe7 12. Qd2 Qb4 13. Bb3 N7f6 14. 0-0 Nxc3 15. bxc3 Qa5 16. Ne5 Rd8 17. Qc2 c5 18. f4 Nd5 19. Bxd5 Rxd5 20. Rf3 cxd4 21. cxd4 Bd7 22. f5 Rxe5 23. dxe5 Qxe5 24. fxe6 Qxa1+ 25. Rf1 Qe5 26. exf7+ Kf8 27. Qh7 Ke7 28. Qg8 Rf8 29. Rd1 Be6 30. Rd8 Rxd8 31. Qxd8+ Kxd8 32. f8Q+ Kd7 33. Qa3 Qa1+ 34. Kh2 Qxa2 35. Qc3 g6 36. Qg7+ Bf7 37. Qxh6 Qd5 38. Qg7 Qe6 39. e4 a5 40. g3 Qa2+ 41. Kg1 a4 42. Qd4+ Kc6 43. e5 Qb1+ 44. Kh2 Qc2+ 45. Kg1 Qc5 0-1

[Event "Madrid-chT 1415"]
[Site "Madrid"]
[Date "2015.02.15"]
[Round "10.3"]
[White "Mansilla Tolosa, Luis Eduardo"]
[Black "Hinojar Diez, David"]
[Result "1-0"]
[WhiteElo "2053"]
[BlackElo "2164"]
[PlyCount "115"]
[EventDate "2014.11.23"]
[EventType "team-tourn"]
[EventRounds "14"]
[EventCountry "ESP"]
[SourceTitle "EXT 2016"]
[Source "ChessBase"]
[SourceDate "2015.10.08"]
[SourceVersion "1"]
[SourceVersionDate "2015.10.08"]
[SourceQuality "1"]
[WhiteTeam "Moratalaz"]
[BlackTeam "Liberty Chess"]
[WhiteTeamCountry "ESP"]
[BlackTeamCountry "ESP"]

1. d4 Nf6 2. c4 e6 3. g3 d5 4. Bg2 c6 5. Nf3 Nbd7 6. 0-0 Bd6 7. b3 0-0 8. Bb2 Bc7 9. Nbd2 Re8 10. Rc1 Nf8 11. Qc2 Ng6 12. Rfd1 Bd7 13. e4 dxe4 14. Nxe4 Nxe4 15. Qxe4 Rc8 16. Ne5 Qe7 17. c5 Red8 18. b4 a6 19. Bf1 Nf8 20. Rc3 Be8 21. Re1 f6 22. Nf3 Bg6 23. Qe3 Bf7 24. a4 Ng6 25. Bh3 Re8 26. Qe2 Rcd8 27. Re3 Nf8 28. Bf5 Qd7 29. Bh3 Qd5 30. Nh4 Bh5 31. Qc2 Bf7 32. Bg2 Qd7 33. f4 Ng6 34. Nxg6 Bxg6 35. Qb3 Bf5 36. Be4 Bg4 37. f5 Kh8 38. fxe6 Bxe6 39. Qc2 Bg8 40. Bf5 Rxe3 41. Rxe3 Qf7 42. Re4 Re8 43. Rh4 h6 44. Bg6 Re1+ 45. Kf2 Qe7 46. Qd2 Rh1 47. Bc3 Bd5 48. Qd3 Rc1 49. Qd2 Rh1 50. Qc2 Bc4 51. Qe4 Rf1+ 52. Kg2 Bd5 53. Kxf1 Bxe4 54. Rxe4 Be5 55. dxe5 f5 56. Bxf5 Qg5 57. Rf4 g6 58. Bd7 1-0

[Event "Madrid-ch final"]
[Site "Madrid"]
[Date "2013.05.31"]
[Round "1.2"]
[White "Hinojar Diez, David"]
[Black "Taboas Rodriguez, Daniel"]
[Result "0-1"]
[WhiteElo "2172"]
[BlackElo "2404"]
[PlyCount "65"]
[EventDate "2013.05.30"]
[EventType "k.o."]
[EventRounds "4"]
[EventCountry "ESP"]
[SourceTitle "EXT 2014"]
[Source "ChessBase"]
[SourceDate "2013.11.20"]
[SourceVersion "1"]
[SourceVersionDate "2013.11.20"]
[SourceQuality "1"]

1. d4 Nf6 2. c4 g6 3. Nc3 Bg7 4. e4 d6 5. Nf3 0-0 6. Be2 e5 7. 0-0 Nc6 8. d5 Ne7 9. Ne1 Nd7 10. Nd3 f5 11. Bd2 Nf6 12. f3 f4 13. b4 g5 14. c5 Rf7 15. Rc1 Ng6 16. a4 Bf8 17. Be1 h5 18. Kh1 g4 19. Bf2 Rg7 20. cxd6 cxd6 21. Nb5 a6 22. Na3 g3 23. hxg3 fxg3 24. Bxg3 h4 25. Bf2 Nh5 26. Rg1 Ng3+ 27. Kh2 Qg5 28. Bf1 Nf4 29. Be3 Nxf1+ 30. Qxf1 Qg3+ 31. Kh1 Nxd3 32. Qxd3 h3 33. Qe2 0-1

[Event "Madrid-ch sf-B"]
[Site "Madrid"]
[Date "2013.03.23"]
[Round "7"]
[White "Vukotic Jovsic, Dragan"]
[Black "Hinojar Diez, David"]
[Result "1-0"]
[WhiteElo "1993"]
[BlackElo "2172"]
[PlyCount "135"]
[EventDate "2013.03.07"]
[EventType "swiss"]
[EventRounds "9"]
[EventCountry "ESP"]
[SourceTitle "CBM 153 Extra"]
[Source "ChessBase"]
[SourceDate "2013.04.22"]
[SourceVersion "1"]
[SourceVersionDate "2013.04.22"]
[SourceQuality "1"]

1. d4 Nf6 2. Bf4 e6 3. e3 b6 4. Nf3 Bb7 5. Bd3 Be7 6. Nbd2 d5 7. Ne5 0-0 8. Qf3 Nbd7 9. Qh3 Re8 10. Nxd7 Qxd7 11. g4 c5 12. c3 g6 13. Nf3 Bd6 14. Ne5 Qc7 15. Qh6 c4 16. Bc2 b5 17. h4 Bf8 18. Qg5 Qe7 19. h5 h6 20. Qh4 g5 21. Bxg5 hxg5 22. Qxg5+ Kh8 23. Qf4 Kg8 24. h6 Nh7 25. 0-0-0 f6 26. Ng6 Qf7 27. Nxf8 Rxf8 28. Bxh7+ Kxh7 29. Rdg1 Qg6 30. Qd6 e5 31. f4 Rad8 32. Qc7+ Qf7 33. Qc5 Rd7 34. g5 Rg8 35. Qxb5 exf4 36. exf4 fxg5 37. fxg5 Qf4+ 38. Kc2 Re7 39. Rf1 Qe4+ 40. Kc1 Rxg5 41. Qa4 Bc8 42. Qc2 Qxc2+ 43. Kxc2 Bf5+ 44. Kc1 Re2 45. Re1 Rxe1+ 46. Rxe1 Kxh6 47. b3 Rg3 48. Kb2 Rg2+ 49. Ka3 a5 50. Re5 Bb1 51. bxc4 dxc4 52. Ka4 Rxa2+ 53. Kb5 Bd3 54. d5 Rb2+ 55. Kxa5 Kg6 56. d6 Rb7 57. Rd5 Kf7 58. d7 Rxd7 59. Rxd7+ Ke6 60. Rd4 Ke5 61. Kb5 Ke6 62. Kc5 Bf1 63. Rxc4 Bxc4 64. Kxc4 Kd7 65. Kc5 Kc7 66. c4 Kd7 67. Kb6 Kc8 68. Kc6 1-0

[Event "Madrid-chT 1213 Honor"]
[Site "Madrid"]
[Date "2013.03.10"]
[Round "13.44"]
[White "Pastor Alonso de Prado, Emilio Alberto"]
[Black "Hinojar Diez, David"]
[Result "1/2-1/2"]
[WhiteElo "2143"]
[BlackElo "2172"]
[PlyCount "80"]
[EventDate "2012.11.18"]
[EventType "team"]
[EventRounds "14"]
[EventCountry "ESP"]
[SourceTitle "EXT 2014"]
[Source "ChessBase"]
[SourceDate "2013.11.20"]
[SourceVersion "1"]
[SourceVersionDate "2013.11.20"]
[SourceQuality "1"]
[WhiteTeam "Collado Villalba"]
[BlackTeam "Cafe Comercial"]
[WhiteTeamCountry "ESP"]
[BlackTeamCountry "ESP"]

1. e4 c5 2. c3 d6 3. d4 cxd4 4. cxd4 Nf6 5. Nc3 g6 6. f3 Bg7 7. Be3 Qa5 8. Qd2 Nc6 9. Bc4 0-0 10. Nge2 a6 11. 0-0-0 b5 12. Bb3 Qc7 13. Kb1 Na5 14. Nd5 Nxd5 15. Bxd5 Nc4 16. Qc2 Bb7 17. Bxc4 bxc4 18. d5 Rfc8 19. Bd4 Bxd4 20. Rxd4 a5 21. g4 Qb6 22. Qc3 a4 23. a3 Rc5 24. Rc1 Rb5 25. Rxc4 Qf2 26. Nd4 Rb6 27. Rc2 Qg1+ 28. Ka2 Qd1 29. h4 Ba6 30. Rxa4 Rab8 31. Qd2 Rxb2+ 32. Rxb2 Rxb2+ 33. Qxb2 Qxa4 34. Qc3 Qd1 35. h5 Bd3 36. a4 Qxa4+ 37. Kb2 Bc4 38. h6 f6 39. g5 Kf7 40. gxf6 exf6 1/2-1/2

[Event "Madrid-chT 1213 Honor"]
[Site "Madrid"]
[Date "2012.12.02"]
[Round "3.34"]
[White "Perez Gonzalez, Jose Manuel"]
[Black "Hinojar Diez, David"]
[Result "1-0"]
[WhiteElo "2314"]
[BlackElo "2172"]
[PlyCount "37"]
[EventDate "2012.11.18"]
[EventType "team"]
[EventRounds "14"]
[EventCountry "ESP"]
[SourceTitle "EXT 2014"]
[Source "ChessBase"]
[SourceDate "2013.11.20"]
[SourceVersion "1"]
[SourceVersionDate "2013.11.20"]
[SourceQuality "1"]
[WhiteTeam "Amigos del Retiro"]
[BlackTeam "Cafe Comercial"]
[WhiteTeamCountry "ESP"]
[BlackTeamCountry "ESP"]

1. e4 d6 2. d4 Nd7 3. Nf3 c5 4. Nc3 cxd4 5. Nxd4 e6 6. Bc4 Ne5 7. Bb3 Nf6 8. f4 Ng6 9. 0-0 Be7 10. f5 exf5 11. Ba4+ Bd7 12. Bxd7+ Nxd7 13. Nxf5 0-0 14. Nd5 Nf6 15. Nfxe7+ Nxe7 16. Nxf6+ gxf6 17. Rxf6 d5 18. Bh6 Re8 19. Qd4 1-0

[Event "Madrid-chT 1213 Honor"]
[Site "Madrid"]
[Date "2012.11.25"]
[Round "2.13"]
[White "Renteria Becerra, Jorge Elicer"]
[Black "Hinojar Diez, David"]
[Result "0-1"]
[WhiteElo "2300"]
[BlackElo "2172"]
[PlyCount "92"]
[EventDate "2012.11.18"]
[EventType "team"]
[EventRounds "14"]
[EventCountry "ESP"]
[SourceTitle "EXT 2014"]
[Source "ChessBase"]
[SourceDate "2013.11.20"]
[SourceVersion "1"]
[SourceVersionDate "2013.11.20"]
[SourceQuality "1"]
[WhiteTeam "Villalba 64"]
[BlackTeam "Cafe Comercial"]
[WhiteTeamCountry "ESP"]
[BlackTeamCountry "ESP"]

1. e4 e5 2. Nf3 Nc6 3. d4 exd4 4. Nxd4 Nxd4 5. Qxd4 d6 6. Bf4 Be7 7. Nc3 Bf6 8. Qd2 Ne7 9. 0-0-0 Ng6 10. Be3 0-0 11. Nd5 Re8 12. f3 Be6 13. Nxf6+ Qxf6 14. Kb1 Qe7 15. h4 Rad8 16. h5 Ne5 17. Qc3 f6 18. h6 g6 19. Be2 Qd7 20. b3 c5 21. f4 Ng4 22. f5 Bxf5 23. exf5 Nxe3 24. fxg6 hxg6 25. Rd2 Kh7 26. g4 Re5 27. Rh3 Qe6 28. Qa5 Rd7 29. Bb5 Re7 30. Qd8 d5 31. Rxe3 Rxe3 32. Rxd5 Re1+ 33. Kb2 a6 34. Bd3 Qxg4 35. Rxc5 f5 36. Rc8 Kxh6 37. Qh8+ Kg5 38. Rc4 Qg3 39. Qd8 Qe5+ 40. Ka3 a5 41. Qb6 Qe6 42. Qf2 Kf6 43. Rd4 Qe3 44. Qh4+ Kg7 45. Rf4 Qc1+ 46. Ka4 Qxf4+ 0-1

[Event "Madrid-ch sf-B"]
[Site "Madrid"]
[Date "2012.03.24"]
[Round "3"]
[White "Hinojar Diez, David"]
[Black "Baeza Escudero, Javier"]
[Result "1/2-1/2"]
[WhiteElo "2148"]
[BlackElo "2029"]
[PlyCount "57"]
[EventDate "2012.03.22"]
[EventType "swiss"]
[EventRounds "9"]
[EventCountry "ESP"]
[SourceTitle "EXT 2013"]
[Source "ChessBase"]
[SourceDate "2012.11.22"]
[SourceVersion "1"]
[SourceVersionDate "2012.11.22"]
[SourceQuality "1"]

1. e4 e5 2. Nf3 Nc6 3. Nc3 Nf6 4. d3 d5 5. Bg5 dxe4 6. Nxe4 Be7 7. Bxf6 gxf6 8. c3 f5 9. Ng3 Be6 10. Qa4 Qd5 11. d4 exd4 12. Nxd4 0-0-0 13. 0-0-0 Nxd4 14. Rxd4 Qxa2 15. Qxa2 Bxa2 16. Nxf5 Bc5 17. Rf4 Rhe8 18. Bb5 c6 19. Ba4 Re2 20. Nd4 Bxd4 21. cxd4 Bd5 22. Bd1 Re4 23. Bg4+ Kc7 24. Rxe4 Bxe4 25. f3 Bg6 26. Rd1 Kb6 27. h4 Rd5 28. Rd2 h6 29. Kd1 1/2-1/2

[Event "Madrid Villaverde op 11th"]
[Site "Madrid"]
[Date "2009.07.07"]
[Round "6"]
[White "Ramirez Garcia, Jorge Alberto"]
[Black "Hinojar Diez, David"]
[Result "0-1"]
[WhiteElo "2224"]
[BlackElo "2119"]
[PlyCount "72"]
[EventDate "2009.06.29"]
[EventType "swiss"]
[EventRounds "9"]
[EventCountry "ESP"]
[SourceTitle "EXT 2010"]
[Source "ChessBase"]
[SourceDate "2010.11.25"]
[SourceVersion "1"]
[SourceVersionDate "2010.11.25"]
[SourceQuality "1"]

1. e4 c5 2. c3 d6 3. d4 cxd4 4. cxd4 g6 5. Nc3 Bg7 6. Be3 Nf6 7. h3 0-0 8. Nge2 Nc6 9. g4 Rb8 10. Bg2 Qa5 11. 0-0 h6 12. Rc1 Bd7 13. d5 Ne5 14. b3 Qa6 15. Qd2 g5 16. f4 gxf4 17. Bxf4 Nd3 18. Bxh6 Nxc1 19. Qxc1 Nh7 20. Ng3 Bd4+ 21. Kh1 Rfc8 22. Qf4 Qxf1+ 23. Bxf1 Be5 24. Qf2 Rxc3 25. Nf5 Bxf5 26. Qxf5 Rbc8 27. Bd2 Rc2 28. Bd3 Rxd2 29. Qxc8+ Kg7 30. h4 Rxd3 31. Qxb7 Nf6 32. Qxa7 Nxe4 33. Kg2 Rg3+ 34. Kf1 Rxg4 35. Qxe7 Nc3 36. a4 Bd4 0-1

[Event "Madrid Villaverde op 11th"]
[Site "Madrid"]
[Date "2009.07.02"]
[Round "4"]
[White "Ramos del Campo, Alexander"]
[Black "Hinojar Diez, David"]
[Result "0-1"]
[WhiteElo "1918"]
[BlackElo "2119"]
[PlyCount "84"]
[EventDate "2009.06.29"]
[EventType "swiss"]
[EventRounds "9"]
[EventCountry "ESP"]
[SourceTitle "EXT 2010"]
[Source "ChessBase"]
[SourceDate "2010.11.25"]
[SourceVersion "1"]
[SourceVersionDate "2010.11.25"]
[SourceQuality "1"]

1. e4 c5 2. Nf3 d6 3. d4 cxd4 4. Nxd4 Nf6 5. Nc3 a6 6. Bg5 e6 7. f4 Be7 8. Qf3 Qc7 9. 0-0-0 b5 10. Bd3 Bb7 11. Kb1 Nbd7 12. Nce2 Nc5 13. Bxf6 Bxf6 14. g4 0-0-0 15. g5 Be7 16. Ng3 g6 17. Rhe1 d5 18. e5 Na4 19. Bf1 Kb8 20. h4 h5 21. Bg2 Rc8 22. Re2 Qa5 23. Nb3 Qb6 24. Red2 Rc4 25. Ne2 Rhc8 26. Ned4 Nc5 27. Nxc5 Bxc5 28. Nb3 Be3 29. Re2 Bc5 30. Rde1 Bb4 31. c3 Be7 32. Nd2 R4c7 33. f5 d4 34. Qf2 Bxg2 35. f6 Bf8 36. Qxg2 dxc3 37. bxc3 Rxc3 38. Nb3 Ba3 39. Rd2 Qc7 40. Qf1 Rc2 41. Re3 a5 42. Re1 b4 0-1

[Event "Madrid Villaverde op 11th"]
[Site "Madrid"]
[Date "2009.06.29"]
[Round "1"]
[White "Martin Duque, Jesus"]
[Black "Hinojar Diez, David"]
[Result "1-0"]
[WhiteElo "1865"]
[BlackElo "2119"]
[PlyCount "55"]
[EventDate "2009.06.29"]
[EventType "swiss"]
[EventRounds "9"]
[EventCountry "ESP"]
[SourceTitle "EXT 2010"]
[Source "ChessBase"]
[SourceDate "2010.11.25"]
[SourceVersion "1"]
[SourceVersionDate "2010.11.25"]
[SourceQuality "1"]

1. e4 c5 2. Nf3 d6 3. d4 cxd4 4. Nxd4 Nf6 5. Nc3 e6 6. g4 h6 7. h4 Be7 8. Rg1 Nc6 9. g5 hxg5 10. hxg5 Nh5 11. Be3 Bd7 12. g6 fxg6 13. Rxg6 Bf6 14. Qd2 Ne5 15. Rg1 a6 16. 0-0-0 Qe7 17. f4 Nc6 18. Nb3 Bxc3 19. Qxc3 Nf6 20. Bg2 Rc8 21. Qd2 Ng4 22. Bb6 e5 23. f5 Rh2 24. Rh1 Nb4 25. Qxb4 Rxg2 26. Rh8+ Kf7 27. Rxc8 Bxc8 28. Qc4+ 1-0

[Event "Madrid Villaverde op 10th"]
[Site "Madrid"]
[Date "2009.04.01"]
[Round "7"]
[White "Hinojar Diez, David"]
[Black "Camarero Izquierdo, Juan Carlos"]
[Result "1-0"]
[WhiteElo "2119"]
[BlackElo "1906"]
[PlyCount "69"]
[EventDate "2009.03.23"]
[EventType "swiss"]
[EventRounds "8"]
[EventCountry "ESP"]
[SourceTitle "CBM 129 Extra"]
[Source "ChessBase"]
[SourceDate "2009.05.05"]
[SourceVersion "2"]
[SourceVersionDate "2009.05.20"]
[SourceQuality "1"]

1. e4 c5 2. Nf3 d6 3. d4 cxd4 4. Nxd4 Nf6 5. Nc3 a6 6. Be2 e6 7. 0-0 b5 8. a3 Bb7 9. Re1 Nbd7 10. Bd3 Be7 11. Re3 Ne5 12. h3 Rc8 13. Kh1 Ng6 14. Rg3 d5 15. e5 Nxe5 16. Rxg7 Ng6 17. Bg5 Ne4 18. Bxe4 dxe4 19. Nxe6 Qxd1+ 20. Rxd1 fxe6 21. Bxe7 Nxe7 22. Rd6 Rc6 23. Nxe4 Rxd6 24. Nxd6+ Kf8 25. Rf7+ Kg8 26. Rxe7 Bd5 27. b3 Kf8 28. Rf7+ Kg8 29. c4 bxc4 30. b4 h6 31. Rc7 Rh7 32. Rc8+ Kg7 33. Nxc4 Kf6 34. Ne3 Bb7 35. Rc5 1-0

[Event "Madrid Villaverde op 10th"]
[Site "Madrid"]
[Date "2009.03.26"]
[Round "4"]
[White "Castano, Henry Augusto"]
[Black "Hinojar Diez, David"]
[Result "1/2-1/2"]
[WhiteElo "1974"]
[BlackElo "2119"]
[PlyCount "65"]
[EventDate "2009.03.23"]
[EventType "swiss"]
[EventRounds "8"]
[EventCountry "ESP"]
[SourceTitle "CBM 129 Extra"]
[Source "ChessBase"]
[SourceDate "2009.05.05"]
[SourceVersion "2"]
[SourceVersionDate "2009.05.20"]
[SourceQuality "1"]

1. e4 c5 2. Nf3 d6 3. Bb5+ Bd7 4. Bxd7+ Qxd7 5. c4 e6 6. d4 cxd4 7. Nxd4 Be7 8. 0-0 Nf6 9. Nc3 0-0 10. Qe2 Nc6 11. Be3 a6 12. f4 Rfe8 13. f5 Nxd4 14. Bxd4 Rac8 15. Rac1 b5 16. fxe6 Qxe6 17. cxb5 axb5 18. Qxb5 Nxe4 19. Rce1 Nxc3 20. bxc3 Rb8 21. Qh5 Qxa2 22. Re2 Qc4 23. Rfe1 Rb5 24. Qg4 Re5 25. Qd7 Rd8 26. Qg4 Bf8 27. Rxe5 dxe5 28. Rxe5 Ra8 29. Re1 Qd3 30. h4 Rb8 31. Qf4 Rb1 32. Rxb1 Qxb1+ 33. Kh2 1/2-1/2

[Event "Albacete FM-A"]
[Site "Albacete"]
[Date "2000.??.??"]
[Round "8"]
[White "Alcazar Jimenez, Victor Manuel"]
[Black "Hinojar Diez, David"]
[Result "1-0"]
[WhiteElo "2237"]
[BlackElo "2125"]
[PlyCount "136"]
[EventDate "2000.09.05"]
[EventType "tourn"]
[EventRounds "9"]
[EventCountry "ESP"]
[SourceTitle "EXT 2001"]
[Source "ChessBase"]
[SourceDate "2000.11.22"]
[SourceVersion "1"]
[SourceVersionDate "2000.11.22"]
[SourceQuality "1"]

1. e4 e5 2. Nf3 Nc6 3. Bc4 Bc5 4. c3 Nf6 5. d3 h6 6. 0-0 0-0 7. b4 Bd6 8. Re1 Ne7 9. Nh4 c6 10. f4 Bc7 11. fxe5 Bxe5 12. Qf3 Qc7 13. g3 d5 14. Bb3 dxe4 15. dxe4 Bg4 16. Qf2 a5 17. bxa5 Bh3 18. Ba3 Ng4 19. Qb6 Qxb6+ 20. axb6 Rxa3 21. Nxa3 Bxc3 22. Rad1 Bb4 23. Nc2 Bc5+ 24. Nd4 Rd8 25. Nhf3 Ng6 26. Re2 N6e5 27. Kh1 Nxf3 28. Nxf3 Rxd1+ 29. Bxd1 Nf2+ 30. Rxf2 Bxf2 31. Ne5 Bd4 32. Nc4 Bf1 33. Nd6 Bd3 34. Kg2 Bc5 35. Nxb7 Bxe4+ 36. Bf3 Bxf3+ 37. Kxf3 Bxb6 38. a4 Kf8 39. a5 Bg1 40. Kg2 Be3 41. Nd6 g6 42. Kf3 Bg1 43. a6 Ke7 44. Nc4 Kd7 45. Ne5+ Kc7 46. h3 Kb6 47. a7 Kxa7 48. Nxc6+ Kb6 49. Ne5 Bd4 50. Nxf7 Bg7 51. Ke4 Kc7 52. Ne5 g5 53. Kf5 h5 54. Ng6 Bh6 55. Ne7 g4 56. h4 Bd2 57. Nd5+ Kd6 58. Nf6 Ke7 59. Nxh5 Kf7 60. Kxg4 Kg6 61. Nf4+ Kh6 62. Kf3 Be1 63. Nd3 Bd2 64. g4 Ba5 65. g5+ Kh5 66. Kg3 Kg6 67. Kg4 Bd2 68. h5+ Kg7 1-0